000
00189 a2200097 4500
020
_a
9780310725954
041
_a
eng
100
_a
Bowman, Crystal
245
_a
Lilys easter party
942
_c
BK
999
_c
9758
_d
9758